logo

Bir Sreshtho Munshi Abdur Rouf Library
Jhenaidah Cadet College

Schaum's outline programming with C / (Record no. 10376)

MARC details
000 -LEADER
fixed length control field 02016nam a2200337 a 4500
001 - CONTROL NUMBER
control field 10376
003 - CONTROL NUMBER IDENTIFIER
control field BD-JhCC
005 - DATE AND TIME OF LATEST TRANSACTION
control field 20210608134021.0
008 - FIXED-LENGTH DATA ELEMENTS--GENERAL INFORMATION
fixed length control field 960416s1996 nyua 001 0 eng
010 ## - LIBRARY OF CONGRESS CONTROL NUMBER
LC control number 96002724
020 ## - INTERNATIONAL STANDARD BOOK NUMBER
International Standard Book Number 0070240353
035 ## - SYSTEM CONTROL NUMBER
System control number (BD-JhCC)10376
040 ## - CATALOGING SOURCE
Original cataloging agency DLC
Transcribing agency DLC
Modifying agency DLC
-- BD-JhCC
050 00 - LIBRARY OF CONGRESS CALL NUMBER
Classification number QA76.73.C15
Item number G67 1996
082 00 - DEWEY DECIMAL CLASSIFICATION NUMBER
Classification number 005.13/3
Edition number 20
Item number GOT 2011
100 1# - MAIN ENTRY--PERSONAL NAME
Personal name Gottfried, Byron S.,
Dates associated with a name 1934-
245 10 - TITLE STATEMENT
Title Schaum's outline programming with C /
Statement of responsibility, etc. Byron S. Gottfried and Jitender Kumar Chhabra
246 30 - VARYING FORM OF TITLE
Title proper/short title Outline of theory and problems of programming with C
246 30 - VARYING FORM OF TITLE
Title proper/short title Theory and problems of programming with C
246 14 - VARYING FORM OF TITLE
Title proper/short title Schaum's outlines programming with C
246 30 - VARYING FORM OF TITLE
Title proper/short title Programming with C
250 ## - EDITION STATEMENT
Edition statement 3rd ed.
260 ## - PUBLICATION, DISTRIBUTION, ETC.
Place of publication, distribution, etc. New York :
Name of publisher, distributor, etc. McGraw Hill,
Date of publication, distribution, etc. c2011.
300 ## - PHYSICAL DESCRIPTION
Extent xvi, various p. :
Other physical details ill. ;
Dimensions 24 cm.
490 0# - SERIES STATEMENT
Series statement Schaum's outline series
520 ## - SUMMARY, ETC.
Summary, etc. Fortunately for you, there's Schaum's Outlines. More than 40 million students have trusted Schaum's to help them succeed in the classroom and on exams. Schaum's is the key to faster learning and higher grades in every subject. Each Outline presents all the essential course information in an easy-to-follow, topic-by-topic format. You also get hundreds of examples, solved problems, and practice exercises to test your skills.<br/><br/>This Schaum's Outline gives you<br/><br/>Practice problems with full explanations that reinforce knowledge<br/>Coverage of the most up-to-date developments in your course field<br/>In-depth review of practices and applications<br/>Fully compatible with your classroom text, Schaum's highlights all the important facts you need to know. Use Schaum's to shorten your study time-and get your best test scores!<br/><br/>Schaum's Outlines-Problem Solved.
650 #0 - SUBJECT ADDED ENTRY--TOPICAL TERM
Topical term or geographic name entry element C (Computer program language)
700 ## - ADDED ENTRY--PERSONAL NAME
Personal name Chhabra, Jitender Kumar
942 ## - ADDED ENTRY ELEMENTS (KOHA)
Source of classification or shelving scheme Dewey Decimal Classification
Koha item type Books
Koha issues (borrowed), all copies 12
Holdings
Withdrawn status Lost status Source of classification or shelving scheme Damaged status Not for loan Home library Current library Shelving location Date acquired Total Checkouts Total Renewals Full call number Barcode Date last seen Date last checked out Copy number Price effective from Koha item type
    Dewey Decimal Classification     JCC Rouf Library JCC Rouf Library General Stacks 04/25/2018 6 1 005.13/3 GOT 2011 13736 02/28/2024 02/26/2024 C-1 04/25/2018 Books
    Dewey Decimal Classification     JCC Rouf Library JCC Rouf Library General Stacks 04/25/2018 6   005.13/3 GOT 2011 13735 02/25/2024 01/31/2024 C-2 04/25/2018 Books

JCC Library | Contacts | JCC Home

Last Update on 23 September 2017
Copyright @ 2017-2020 JCC Rouf Library
Rouf Library, Jhenidah Cadet College (JCC), Bangladesh